00561nam a22001817a 450000500170000001000130001702000280003003500130005803700090007108200080008010000270008824500410011526000230015630000200017994200220019999900190022195201390024020241219111902.0 aB-761525 a9789357311694c1199.00  aB-761525 bGift a820 aKailasapathy, K975429 aTamil Heroic Poetry/cK Kailasapathy bHachettec2023aUK a406p.c20cm(pb) 2ddccCHmKAKh820 c207824d207824 001040708NFICaLbLd2024-12-19eGift/9.12.24g1199.00l0oKAK 820pB-761525r2024-12-19 00:00:00t1v1199.00w2024-12-19yCHzGift